00950 2200325 4500001002100000005001500021035002000036007000300056008004100059020002200100040002200122082001600144084001800160090002200178090002200200100002700222245006500249250003400314300005000348650001600398850001200414504003200426264003600458264001200494336002100506337003000527338002300557999002200580990002200602INLIS00000000085818820210405093552 a0010-0421000093ta210316t2020 yoia g ind d a978-623-02-0508-8 aYOPDYOGbinderda04223a006.312 a006.312 BUU d aDEP 006.312 BUU d aCB-D.11 2020-17413 aBuulolo,Eforiepenulis10aData mining untuk perguruan tinggi /cpenulis, Efori Buulolo aCetakan pertama, Januari 2020 aviii, 82 halaman :bilustrasi, tabel ;c23 cm 4aData mining aYOPDYOG aBibliografi : halaman 81-8231aYogyakarta :bDeepublish,c2020 4a© 2020 2rdacontentateks 2rdamediaatanpa perantara 2rdacarrieravolume aCB-D.11/2020-1741 aCB-D.11/2020-1741